Political theory. (Record no. 399)

MARC details
000 -LEADER
fixed length control field 00481cam a2200205ua 4500
001 - CONTROL NUMBER
control field 456
005 - DATE AND TIME OF LATEST TRANSACTION
control field 20260515113152.0
008 - FIXED-LENGTH DATA ELEMENTS--GENERAL INFORMATION
fixed length control field 110406n ii |||gr||||Z||||||eng
040 ## - CATALOGING SOURCE
Transcribing agency MAIN
082 ## - DEWEY DECIMAL CLASSIFICATION NUMBER
Classification number 320.5
245 ## - TITLE STATEMENT
Title Political theory.
Statement of responsibility, etc. By A Ray.
250 ## - EDITION STATEMENT
Edition statement 4th.
260 ## - PUBLICATION, DISTRIBUTION, ETC.
Place of publication, distribution, etc. Calcutta.:
Name of publisher, distributor, etc. World Press.,969.
300 ## - PHYSICAL DESCRIPTION
Extent xiii, 527 p.:6 cm.
653 ## - INDEX TERM--UNCONTROLLED
Uncontrolled term Political science.
653 ## - INDEX TERM--UNCONTROLLED
Uncontrolled term Political theory.
700 1# - ADDED ENTRY--PERSONAL NAME
Personal name Ray, A.,
700 1# - ADDED ENTRY--PERSONAL NAME
Personal name Bhattacharya.,
942 ## - ADDED ENTRY ELEMENTS (KOHA)
Koha item type Books
Holdings
Withdrawn status Lost status Damaged status Not for loan Home library Current library Shelving location Date acquired Total checkouts Full call number Barcode Date last seen Copy number Price effective from Koha item type
        Naharkatiya College Library Naharkatiya College Library General stacks 09/19/2020   320.5 | RAY 211 09/19/2020 1 09/19/2020 Books